| 000 | 01341nam a2200265 i 4500 | ||
|---|---|---|---|
| 003 | DO-SdBNP | ||
| 005 | 20250404153313.0 | ||
| 007 | ta | ||
| 008 | 250404t2024 dr a 00| ||spa d | ||
| 020 | _z9789945941418 | ||
| 040 |
_aDO-SdBNP _bspa _cBNPHU _erda |
||
| 082 |
_axxx _bG549 _222 |
||
| 100 | 1 |
_aGlass, Eileen _eautora _4aut. _987358 |
|
| 245 | 1 | 0 |
_aEva y la montaña rusar / _cEileen Glass |
| 264 |
_aSanto Domingo : _bEditorial La Isla de Libros, _c2024. |
||
| 300 |
_a[32] páginas _bilustraciones _c26 cm. |
||
| 336 |
_atexto _btxt _2rdacontent |
||
| 337 |
_asin mediación _bn _2rdamedia |
||
| 338 |
_avolumen _bnc _2rdacarrier |
||
| 500 | _aIncluye datos biográficos de la autora en la página 32. | ||
| 520 | _aEste libro está diseñado para niños a partir de los 4 años de edad, y está pensado no solo para ellos, sino también para sus madres, padres, educadores y cuidadores. Su propósito principal es ayudarnos a comprender y gestionar las emociones, mientras proporciona a los adultos las herramientas necesarias para guiar y acompañar a los niños en este esencial viaje de autodescubrimiento y desarrollo emocional. Juntos, podemos enseñar a los niños a abrazar sus burbujitas de emociones con amor, comprensión y valentía. | ||
| 590 | _aInventariado, 2025/ YL | ||
| 910 | _aYLockward | ||
| 942 |
_2ddc _cLF2 |
||
| 999 |
_c58627 _d58627 |
||